000 00300cam a2200121ua 4500
082 _a824
_bAND/PR
100 _aAndrews, George .
_91668
245 _aProse for Language Learning /
250 _a1 /
260 _aCochin :
_bPaico Publishing House ,
_c1970.
300 _a180 ;
_eAtlas.
942 _cBK
999 _c5299
_d5299